| 000 | 00561nam a2200205 a 4500 | ||
|---|---|---|---|
| 005 | 20220523120654.0 | ||
| 008 | 991125 19681980mx 000 0 spa u | ||
| 020 | _a9682302307 | ||
| 035 | _aUPN01000016475 | ||
| 049 | _aCG | ||
| 050 | 4 |
_aQP624 _bF7.3 |
|
| 100 | 1 | _aFrankel, Edward | |
| 245 | 1 | 0 |
_aDNA, el proceso de la vida / _cpor Edward Frankel ; tr. Juan Almela. |
| 260 |
_aMéxico : _bSiglo XXI, _c1968 (1980 impr.) |
||
| 300 |
_a126 p. : _bil. |
||
| 440 | 0 |
_aMínima ; _v10 |
|
| 650 | 2 |
_aCélulas _96543 |
|
| 650 | 4 |
_aCITOLOGIA _910620 |
|
| 905 | _aLibro | ||
| 999 |
_c16475 _d16475 |
||